000 01101nam a2200337 a 4500
001 9554
003 CO-ViMGA
008 141112s2004 ck r 000 u spa d
040 _aCO-ViMGA
_bspa
_cCO-ViMGA
082 0 4 _a332.4 B212 V.1
245 1 0 _aControl de cambios en Colombia :
_bJurisprudencia 1967 - 1987
260 _aSantafé de Bogotá :
_bBanco de la República,
_c1987 Tomo I
300 _a381p.
650 1 4 _aBANCO DE LA REPUBLICA
_98983
650 1 4 _aCERTIFICADOS DE CAMBIO
_910665
650 1 4 _aCOMPRA VENTA DE DIVISAS
_910666
650 1 4 _aCONTRABANDO
_910667
650 1 4 _aDEUDA PRIVADA EXTERNA
_910668
650 1 4 _aEXPORTACIONES
_948414
650 1 4 _aIMPORTANCIONES
_910669
650 1 4 _aINVERSION DIRECTA
_910670
650 1 4 _aJUNTA MONETARIA
_910671
650 1 4 _aJUNTA MONETARIA
_910671
650 1 4 _aMERCADO DE CAPITALES
_910672
650 1 4 _aOFICINA DE CAMBIOS
_910673
650 1 4 _aRESERVAS INTERNACIONALES
650 1 4 _aSISTEMA CAMBIARIO
_910674
650 1 4 _aSUPERINTENDENCIA BANCARIA
_910675
650 1 4 _aSUPERINTENDENCIA DE SOCIEDADES
_910676
942 _2ddc
_cBK
999 _c21035
_d21035